000 00370nam a2200145Ia 4500
008 240624s9999 xx 000 0 und d
041 _aeng
082 _a658.8 AND
100 _aANDREASEN ALAN R
245 _aSTRATEGIC MARKETING FOR NON PROFIT ORGAN
250 _a(7th ed.)
260 _c2015
_aNew Delhi
_bPearson
300 _a470 : p. : cm. ; 26
365 _cRS
_b33
999 _c24673
_d24673